Boletin de la Asociacion Espanola de Egiptologia.

محفوظ في:

مؤلف مشترك: Asociación Española de Egiptología.

التنسيق: كتاب

اللغة: Spanish

الموضوعات:

الوسوم: إضافة وسم

لا توجد وسوم, كن أول من يضع وسما على هذه التسجيلة!

رقم الطلب: (J)DT57 .B785

LEADER 00655nam a22002177a 4500
005 20251022070544.0
008 130303c19889999sp a g p 000 0 spa d
043 |a f-ua--- 
050 1 4 |a (J)DT57  |b .B785 
245 0 0 |a Boletin de la Asociacion Espanola de Egiptologia. 
246 1 8 |a BAEDE  
264 1 |a Madrid :  |b La Asociación 
300 |a volume :  |b illustrations ;  |c 24 cm 
336 |a text  |b txt  |2 rdacontent 
337 |a unmediated  |b n  |2 rdamedia 
338 |a volume  |b nc  |2 rdacarrier 
362 0 |a Number 1 (dic. 1988) 
650 0 |a Egyptology  |v Periodicals. 
710 2 |a Asociación Española de Egiptología.   |9 21392 
942 |c JL  |2 lcc 
999 |c 28042  |d 28042